LEADER 01008nam2 22002653i 450 001 SUN0060468 005 20160405020243.553 010 $a88-13-26297-3 100 $a20070717d2006 |0itac50 ba 101 $aita 102 $aIT 105 $a|||| ||||| 200 1 $aˆ2: ‰Elementi$fPaolo Spada 210 $aPadova$cCEDAM$d2006 215 $axi, 211 p.$d21 cm. 461 1$1001SUN0018427$12001 $a*Diritto commerciale$fPaolo Spada$v2$1210 $aPadova$cCEDAM$1215 $avolumi$d21 cm. 620 $dPadova$3SUNL000007 700 1$aSpada$b, Paolo$f1943- $3SUNV063919$0230844 712 $aCEDAM$3SUNV005537$4650 801 $aIT$bSOL$c20181109$gRICA 912 $aSUN0060468 950 $aUFFICIO DI BIBLIOTECA DEL DIPARTIMENTO DI GIURISPRUDENZA$d00 CONS VI.Ea.175 (2) $e00 33201 995 $aUFFICIO DI BIBLIOTECA DEL DIPARTIMENTO DI GIURISPRUDENZA$h33201$kCONS VI.Ea.175 (2)$op$qa 996 $aElementi$91438103 997 $aUNICAMPANIA LEADER 01280nam--2200313---450- 001 990000630940203316 035 $a0063094 035 $aUSA010063094 035 $a(ALEPH)000063094USA01 035 $a0063094 100 $a20010914d1735----km-y0itay0103----ba 101 $aita 102 $aIT 105 $a||||||||001yy 200 1 $aHistoria del Regno di Napoli, divisa in XX libri nella quale si raccontano i successi di guerra e di pace, non solamente nel Regno di Napoli, am anco in quello di Sicilia, Ducato di Milano, Firenze e Stato di Santa Chiesa$fAngelo Di Costanzo 210 $aNapoli$cper Francesco Ricciardo$d1735 215 $a(30), 469, (18) p.$d27 cm 410 $12001 700 1$aDI COSTANZO,$bAngelo$0150948 801 0$aIT$bsalbc$gISBD 912 $a990000630940203316 951 $aFV B 18 5 11$b383$cFV B 18 5 959 $aBK 969 $aF. VENTIMIGLIA 979 $aPATTY$b90$c20010914$lUSA01$h1250 979 $c20020403$lUSA01$h1712 979 $aPATRY$b90$c20040406$lUSA01$h1644 996 $aHistoria del Regno di Napoli, divisa in XX libri nella quale si raccontano i successi di guerra e di pace, non solamente nel Regno di Napoli, am anco in quello di Sicilia, Ducato di Milano, Firenze e Stato di Santa Chiesa$9958426 997 $aUNISA